Loading...
| Current Events | 2 | 25.00 | 100% | 100% | 50% |
| Fine Arts - Classical Music | 2 | 10.00 | 0% | 50% | 50% |
| Fine Arts - Other | 4 | 12.50 | 100% | 25% | 0% |
| Fine Arts - Painting and Sculpture | 4 | 20.00 | 75% | 75% | 50% |
| History - American | 4 | 20.00 | 175% | 50% | 50% |
| History - Ancient/Other | 2 | 10.00 | 100% | 0% | 0% |
| History - European | 3 | 13.33 | 100% | 33% | 0% |
| History - Other | 2 | 10.00 | 100% | 0% | 0% |
| History - World | 4 | 17.50 | 100% | 75% | 0% |
| Literature - American | 1 | 20.00 | 100% | 100% | 0% |
| Literature - British | 4 | 10.00 | 100% | 0% | 0% |
| Literature - European | 2 | 10.00 | 100% | 0% | 0% |
| Literature - World | 3 | 10.00 | 100% | 0% | 0% |
| Mythology | 4 | 17.50 | 100% | 75% | 0% |
| Philosophy | 5 | 14.00 | 100% | 40% | 0% |
| Religion | 6 | 11.67 | 67% | 33% | 17% |
| Science - Biology | 5 | 18.00 | 100% | 60% | 20% |
| Science - Chemistry | 4 | 10.00 | 100% | 0% | 0% |
| Science - Other | 4 | 12.50 | 75% | 25% | 25% |
| Science - Physics | 5 | 12.00 | 80% | 40% | 0% |
| Social Science | 3 | 16.67 | 100% | 67% | 0% |